Projektovanie dlhodobého rozvoja podnikov

Gespeichert in:
Bibliographische Detailangaben
1. Verfasser: Horecká, Katarína
Körperschaft: Vysoká škola ekonomická v Bratislave. Fakulta ekonomiky a riadenia výrobných odvetví
Weitere Verfasser: Kráľovič, Jozef
Format: Buch
Sprache:Slowakisch
Veröffentlicht: Bratislava VŠE 1989
Ausgabe:1. vyd.
Schlagworte:
Tags: Tag hinzufügen
Keine Tags, Fügen Sie das erste Tag hinzu!

MARC

LEADER 00000nam a2200000 4500
001 c034266
005 20221220121214.6
041 0 |a slo 
044 |a SK 
245 1 0 |a Projektovanie dlhodobého rozvoja podnikov  |c Katarína Horecká, Jozef Kráľovič 
250 |a 1. vyd. 
264 1 |a Bratislava  |b VŠE  |c 1989 
300 |a 135 s. 
610 2 0 |a rozvoj podniku 
610 2 0 |a plánovanie podnikové 
610 2 0 |a projektovanie 
100 1 |a Horecká, Katarína 
700 1 |a Kráľovič, Jozef 
710 2 |a Vysoká škola ekonomická v Bratislave. Fakulta ekonomiky a riadenia výrobných odvetví